Los Numeros (Registro nro. 49060)
[ vista simple ]
| 000 -LÍDER | |
|---|---|
| Campo fijo de descripción fija | 003720000a22001690004500 |
| 020 ## - NÚMERO INTERNACIONAL NORMALIZADO PARA LIBROS | |
| Número Internacional Normalizado del libro | 958-30-1470-2 |
| 082 04 - NÚMERO DE CLASIFICACIÓN DECIMAL DEWEY | |
| Número de clasificación | B P191n |
| 001 - NÚMERO DE CONTROL | |
| Campo de control | 1907 |
| 110 1# - ASIENTO PRINCIPAL--NOMBRE CORPORATIVO | |
| Nombre corporativo o de jurisdicción como elemento de entrada | Panamericana Editores |
| 245 10 - TÍTULO | |
| Título del Material | Los Numeros |
| 260 ## - PUBLICACIÓN, DISTRIBUCIÓN, ETC. (PIE DE IMPRENTA) | |
| Lugar de publicación, distribución, etc. | China |
| 300 ## - DESCRIPCIÓN FÍSICA | |
| Extensión | 10 Pag |
| 500 ## - NOTA GENERAL | |
| Nota General | Libro en fomi para bebes |
| 505 00 - NOTA DE CONTENIDO | |
| Nota de contenido con formato preestablecido | Los números |
| 942 ## - TIPO DE MATERIAL (KOHA) | |
| Tipo de Item KOHA | Z- Libro General BINCO |
| Estado de Material | Estado de Perdido | Volumen-Parte/Tomo | Estado de Dañado | No para Préstamo | Tomo | Biblioteca de Origen | Biblioteca Permanente | Fecha de Adquisición | Total de Préstamos | Signatura Topográfica | Código de Barras | Última vez visto | Ejemplar/Existencia | Fecha de Remplazo | Tipo de Material |
|---|---|---|---|---|---|---|---|---|---|---|---|---|---|---|---|
| Biblioteca Infantil Comunitaria BINCO | Biblioteca Infantil Comunitaria BINCO | 07/05/2009 | B P191n | B32502 | 24/11/2016 | 1 | 26/01/2016 | Z- Libro General BINCO |
